Guidelines and standards for Texas prison facility construction, operation and location

Saved in:  
Bibliographic Details
Authors: Arnold, Jim (Author) ; Casselberry, Craig (Author) ; Young, David X. (Author)
Format: Print Book
Language:English
Published: [Austin, Tex.] Criminal Justice Division 1987
In:Year: 1987
Availability in Tübingen:Present in Tübingen.
UB: KB 8 E 3607
Check availability: HBZ Gateway
Subito Delivery Service: Order now.

MARC

LEADER 00000cam a2200000 c 4500
001 1092547002
003 DE-627
005 20251224220438.0
007 tu
008 901211s1987 xx ||||| 00| ||eng c
035 |a (DE-627)1092547002 
035 |a (DE-576)022547002 
035 |a (DE-599)BSZ022547002 
035 |a (OCoLC)17375694 
040 |a DE-627  |b ger  |c DE-627  |e rakwb 
041 |a eng 
082 0 |a 365/.5/09764 
100 1 |a Arnold, Jim  |4 aut 
245 1 0 |a Guidelines and standards for Texas prison facility construction, operation and location  |c [prep. by Jim Arnold; Craig Casselberry; David X. Young] 
264 1 |a [Austin, Tex.]  |b Criminal Justice Division  |c 1987 
300 |a 42 Bl. 
336 |a Text  |b txt  |2 rdacontent 
337 |a ohne Hilfsmittel zu benutzen  |b n  |2 rdamedia 
338 |a Band  |b nc  |2 rdacarrier 
583 1 |a Archivierung prüfen  |c 20200919  |f DE-640  |z 1  |2 pdager 
700 1 |a Casselberry, Craig  |4 aut 
700 1 |a Young, David X.  |4 aut 
951 |a BO 
ELC |b 1 
LOK |0 000 xxxxxcx a22 zn 4500 
LOK |0 001 2155865104 
LOK |0 003 DE-627 
LOK |0 004 1092547002 
LOK |0 005 20151030141221 
LOK |0 008 901211||||||||||||||||ger||||||| 
LOK |0 040   |a DE-21  |c DE-627  |d DE-21 
LOK |0 852   |a DE-21 
LOK |0 852 1  |c KB 8 E 3607  |9 00 
LOK |0 935   |a krim 
LOK |0 939   |a 11-12-90  |b l01 
ORI |a SA-MARC-krimdoka001.raw 
SIG |a UB: KB 8 E 3607